[Event "Rohde op 08th"]
[Site "Sautron"]
[Date "2008.11.01"]
[Round "9"]
[White "Carlsson, Pontus"]
[Black "Lafuente, Pablo"]
[Result "1/2-1/2"]
[WhiteElo "2515"]
[BlackElo "2522"]
[Annotator "Primel,D"]
[PlyCount "49"]
[EventDate "2008.10.25"]
[EventType "swiss"]
[EventRounds "9"]
[EventCountry "FRA"]
[SourceTitle "EXT 2009"]
[Source "ChessBase"]
[SourceDate "2008.11.26"]
[SourceVersion "1"]
[SourceVersionDate "2008.11.26"]
[SourceQuality "1"]

1. e4 e5 2. Nf3 Nc6 3. Bb5 a6 4. Ba4 Nf6 5. O-O Be7 6. Re1 b5 7. Bb3 d6 (7...
O-O {[%cal Gd7d5]}) 8. c3 O-O 9. h3 Nb8 {[%cal Gb8d7] la vieille variante
Breyer mais curieusement, il n'y a aucune partie dans les bases de ce joueur
hongrois avec cette idée} 10. d4 (10. d3) 10... Nbd7 11. Nbd2 (11. Nh4 {
[%csl Gf5]} Nxe4 12. Nf5 Ndf6 13. Qf3 Bb7 14. Bc2 {[%cal Gf3b7]} Nc5 15. Qg3
$44 {[%csl Rg7]} Ne6 {Bogdanovic,R-Hort,V Sarajevo 08th 1965 (14) 1/2}) 11...
Bb7 12. Bc2 Re8 {[%csl Re4][%cal Ge7f8]} 13. Nf1 Bf8 14. Ng3 (14. Bg5) 14... g6
(14... c5 $143 15. d5 {[%csl Rb7,Rc6]}) 15. a4 (15. b3 $5 {[%cal Gc3c4]} Bg7
16. d5 Nb6 17. Rb1 c6 $132) (15. Bg5) 15... c6 {C'est la différence avec la
variante Tchigorine, les noirs n'ont pas encore poussé c7c5 et peuvent lutter
pour le contrôle de la case "d5"} (15... c5 {La grande ligne}) 16. Bg5 h6 17.
Be3 Qc7 18. Qd2 {[%csl Rh6]} (18. b3 Bg7 19. b4 Nb6 20. dxe5 dxe5 21. Bb3 $11)
18... Kh7 19. b3 (19. Bb3 {[%csl Rf7]} Re7 20. Nh2 {Navara,D (2491)-Roiz,M 
(2511) Wch U20 Athens 2001 (13) 0-1} (20. axb5 axb5 21. Rxa8 Bxa8 22. Ra1 Bb7
23. Ra7)) 19... Rad8 $5 $146 {[%cal Gd8d2]} ({RR} 19... Bg7 20. dxe5 dxe5 21.
Qe2 Nf8 22. b4 Bc8 23. Nd2 Be6 24. Nb3 N8d7 25. Qf3 Red8 26. Ne2 Ne8 27. Nec1
Nd6 28. Nd3 Nb7 29. Qg3 a5 30. bxa5 Nxa5 31. Nbc5 Nxc5 32. Nxc5 Bc4 33. Qh4 f6
34. Reb1 {Nikolenko,O (2517)-Turova,I (2358)/Tula 2002/CBM 087 ext/1/2-1/2 (59)
}) 20. Rad1 (20. axb5 $5 axb5 21. Ra7 {profitant de la nouveauté Rad8 qui ne
contrôle plus la colonne "a"} (21. Bd3 d5 22. dxe5 dxe4) 21... Ra8 $1 22. Rea1
Rxa7 23. Rxa7 Ra8 24. Rxa8 Bxa8 $11) (20. Bd3 d5 $1) 20... Bg7 21. Qc1 c5 22.
d5 bxa4 23. bxa4 (23. b4 cxb4 24. cxb4 Nb6 25. Qb1 {[%cal Gd1c1,Gc1c7]}) 23...
Nb6 24. Qb1 a5 25. Qa2 1/2-1/2

[Event "Sautron op 14th"]
[Site "Sautron"]
[Date "2014.11.01"]
[Round "9"]
[White "Zubarev, Alexander2"]
[Black "Maiorov, Nikita"]
[Result "1/2-1/2"]
[WhiteElo "2588"]
[BlackElo "2585"]
[Annotator "RR"]
[PlyCount "50"]
[EventDate "2014.10.26"]
[EventType "swiss"]
[EventRounds "9"]
[EventCountry "FRA"]
[SourceTitle "EXT 2015"]
[Source "ChessBase"]
[SourceDate "2014.11.20"]
[SourceVersion "1"]
[SourceVersionDate "2014.11.20"]
[SourceQuality "1"]
[TimeControl "40/5400+30:1800+30"]

1. e4 e5 2. Nf3 Nc6 3. Bb5 a6 4. Ba4 Nf6 5. O-O Be7 6. Re1 b5 7. Bb3 d6 8. c3
O-O 9. h3 Nb8 10. d4 Nbd7 11. Nbd2 Bb7 12. Bc2 Re8 13. Nf1 Bf8 14. Ng3 g6 15.
a4 c5 16. d5 c4 17. Bg5 h6 {55} 18. Be3 Nc5 19. Qd2 h5 20. Ra3 (20. Bxc5 dxc5
21. Qe3 Rb8 22. Nf1 Bc8 23. N1d2 Bd7 24. axb5 axb5 25. Ra6 Rb6 26. Ra7 Qb8 27.
Rea1 Qd6 28. Bd1 Bg7 29. Be2 Reb8 30. Bxc4 bxc4 31. Nxc4 Qe7 32. Nxb6 Rxb6 33.
b4 Bf8 34. R7a5 Bb5 35. bxc5 Qxc5 36. Qxc5 Bxc5 37. c4 Nxe4 38. Rxb5 Bxf2+ 39.
Kf1 Rf6 40. Rb8+ Kg7 41. Raa8 Rf4 42. d6 Bh4 43. Rg8+ Kh7 44. Rh8+ Kg7 45.
Rag8+ Kf6 46. d7 Ke6 47. d8=Q Bxd8 48. Rxd8 Nf6 49. Ke2 Rxc4 {Giri,A (2752)
-Karjakin,S (2771) Flor & Fjaere 2014 1-0 (65)}) (20. Bg5) 20... Nfd7 {48} 21.
Rea1 {Une longue suite théorique qui va permettre de dépasser le minimum des
25 coups et annuler.} Bg7 22. axb5 axb5 23. Rxa8 Bxa8 {42} 24. Bg5 $146 (24.
Qd1 Qc7 25. Ra3 Bb7 26. Qa1 Rb8 27. Ra5 Bc8 28. Nf1 Rb6 29. Ra7 Rb7 30. Ra3 Rb6
31. Ra7 Rb7 32. Ra3 Rb6 {1/2-1/2 (32) Landa,K (2574)-Kosyrev,V (2539)
playchess.com INT 2005}) 24... Qc7 25. Nh4 Bb7 {31} 1/2-1/2

[Event "Sautron op 16th"]
[Site "Sautron"]
[Date "2016.10.22"]
[Round "2.2"]
[White "Bedouin, Xavier"]
[Black "Maiorov, Nikita"]
[Result "1/2-1/2"]
[WhiteElo "2353"]
[BlackElo "2535"]
[Annotator "RR"]
[PlyCount "80"]
[EventDate "2016.10.22"]
[EventType "swiss"]
[EventRounds "9"]
[EventCountry "FRA"]
[SourceTitle "EXT 2019"]
[Source "ChessBase"]
[SourceDate "2018.10.10"]
[SourceVersion "1"]
[SourceVersionDate "2018.10.10"]
[SourceQuality "1"]
[TimeControl "40/5400+30:1800+30"]
[WhiteClock "0:30:56"]
[BlackClock "0:34:32"]

1. e4 {[%emt 0:00:00]} e5 {[%emt 0:03:35]} 2. Nf3 {[%emt 0:00:00]} Nc6 {
[%emt 0:00:02]} 3. Bb5 {[%emt 0:00:00]} a6 {[%emt 0:00:01]} 4. Ba4 {[%emt 0:00:
05]} Nf6 {[%emt 0:00:08]} 5. O-O {[%emt 0:00:13]} Be7 {[%emt 0:00:04]} 6. Re1 {
[%emt 0:00:14]} b5 {[%emt 0:00:03]} 7. Bb3 {[%emt 0:00:12]} d6 {[%emt 0:00:03]}
(7... O-O) 8. c3 {[%emt 0:00:20]} O-O {[%emt 0:00:03]} 9. h3 {[%emt 0:00:13]}
Nb8 {[%emt 0:00:02] La variante Breyer} 10. d4 {[%emt 0:00:17]} Nbd7 {[%emt 0:
00:05]} 11. Nbd2 {[%emt 0:00:18]} (11. c4 $5 c6 12. a3 bxc4 13. Bxc4 Nxe4 14.
dxe5 d5 {Zhigalko,S (2671)-Ivanchuk,V (2753) Latvian Railway op rapid 2014 (9)
0-1}) 11... Bb7 {[%emt 0:00:03]} 12. Bc2 {[%emt 0:00:33]} Re8 {[%emt 0:00:03]}
(12... c5 13. d5 $14 {[%csl Rb7]}) 13. Nf1 {[%emt 0:00:19]} (13. a4) (13. b3)
13... Bf8 {[%emt 0:00:03][%cal Ge5d4,Gf6e4]} 14. Ng3 {[%emt 0:00:15]} g6 {
[%emt 0:00:03]} (14... c6 {Passif mais la position Noire est solide}) 15. a4 {
[%emt 0:00:25]} Nb6 {[%emt 0:01:31]} (15... c5 16. d5 c4 17. Bg5 Bg7 18. Qd2
Rb8 19. Nh2 Bc8 20. Ng4 Nc5 21. Nh6+ Bxh6 22. Bxh6 bxa4 23. Ra2 a3 24. bxa3
Nfd7 25. f4 a5 26. Rf1 f6 27. f5 Nd3 28. Bxd3 cxd3 29. Qd1 Re7 30. Raf2 Rf7 31.
Qxd3 Nc5 32. Qf3 Ba6 33. Qg4 g5 34. h4 Bxf1 35. Rxf1 Qd7 36. hxg5 fxg5 37. Qh5
Kh8 38. f6 Rg8 39. Bg7+ Rfxg7 40. fxg7+ Qxg7 41. Nf5 Qg6 42. Qxg6 Rxg6 43. Ne7
Kg7 44. Nxg6 Kxg6 45. Rf8 {Anand,V (2804)-Carlsen,M (2876) Stavanger 2015 1-0})
16. dxe5 {[%emt 0:20:18]} dxe5 {[%emt 0:00:03]} 17. Qxd8 {[%emt 0:00:20]} Raxd8
{[%emt 0:00:09]} 18. axb5 {[%emt 0:00:21]} axb5 {[%emt 0:00:02]} 19. Bg5 $146 {
[%emt 0:09:51]} (19. Ra7 Rb8 20. Bd3 Nc8 21. Ra5 c6 22. Be3 Bd6 23. Rd1 Bc7 24.
Ra2 Nb6 25. b3 Ra8 26. Rxa8 Bxa8 27. Ra1 Nfd7 28. c4 bxc4 29. bxc4 Bd6 30. Ra5
Bb4 31. Ra6 c5 32. Nd2 Bc6 33. Nb3 Ra8 34. Rxa8+ Bxa8 35. Nf1 Bb7 36. Nfd2 Ba6
37. Be2 f6 38. Bg4 Kf7 39. Bxd7 Nxd7 40. Kf1 Ke6 41. Ke2 Kd6 42. Kd3 Nb6 43.
Bh6 Ke6 44. Be3 Na4 45. Kc2 Kd6 46. f3 Nb6 47. Kd3 Na4 48. Kc2 Nb6 {Ringoir,T 
(2321)-Sonntag,H (2384) Eupen 2008 1/2-1/2}) 19... Bg7 {[%emt 0:00:54]} 20. Ra7
$36 {[%emt 0:00:30]} Rb8 {[%emt 0:00:44]} 21. Bd3 {[%emt 0:02:26]} c6 {[%emt 0:
01:50]} 22. b3 {[%emt 0:14:00]} Nfd7 {[%emt 0:02:47]} 23. Nf1 {[%emt 0:01:54]}
Bf8 {[%emt 0:07:41]} 24. Bc2 {[%emt 0:02:36]} Nc8 $5 {[%emt 0:03:46]} 25. Ra2 {
[%emt 0:02:04]} Nd6 {[%emt 0:00:16]} 26. N3d2 {[%emt 0:09:40]} Bc8 {[%emt 0:02:
23]} 27. Be3 {[%emt 0:05:57]} b4 {[%emt 0:01:57]} 28. cxb4 {[%emt 0:05:26]} (
28. c4) 28... Nb5 {[%emt 0:00:06]} 29. Bd3 {[%emt 0:01:12]} Nd4 {[%emt 0:02:02]
} 30. Rc1 {[%emt 0:03:02]} Bxb4 $132 {[%emt 0:01:41]} 31. Ra4 {[%emt 0:07:31]}
c5 {[%emt 0:18:37]} 32. Ra7 {[%emt 0:03:17]} Nb6 {[%emt 0:01:39]} 33. Bxd4 {
[%emt 0:06:44]} exd4 {[%emt 0:02:30]} 34. Nf3 {[%emt 0:01:06]} Be6 {[%emt 0:18:
24]} 35. N1d2 {[%emt 0:00:27]} Bc3 $1 {[%emt 0:00:57]} 36. Nb1 {[%emt 0:03:35]}
Bxb3 {[%emt 0:08:57]} 37. Nxc3 {[%emt 0:00:10]} dxc3 {[%emt 0:00:02]} 38. Rxc3
{[%emt 0:00:17]} c4 {[%emt 0:00:02]} 39. Nd2 $1 {[%emt 0:02:22]} Red8 {[%emt 0:
22:00]} 40. Nxb3 {[%emt 0:00:00]} Rxd3 {[%emt 0:00:00]} 1/2-1/2

[Event "Rohde op 12th"]
[Site "Sautron"]
[Date "2012.10.29"]
[Round "4"]
[White "Riff, Jean Noel"]
[Black "Pancevski, Filip"]
[Result "1/2-1/2"]
[WhiteElo "2473"]
[BlackElo "2482"]
[Annotator "RR"]
[PlyCount "82"]
[EventDate "2012.10.27"]
[EventType "swiss"]
[EventRounds "9"]
[EventCountry "FRA"]
[SourceTitle "EXT 2014"]
[Source "ChessBase"]
[SourceDate "2013.11.20"]
[SourceVersion "1"]
[SourceVersionDate "2013.11.20"]
[SourceQuality "1"]
[TimeControl "40/5400+30:1800+30"]
[WhiteClock "1:30:00"]
[BlackClock "1:30:00"]

1. e4 {[%emt 0:00:00]} e5 {[%emt 0:00:24]} 2. Nf3 {[%emt 0:00:00]} Nc6 {
[%emt 0:00:05]} 3. Bb5 {[%emt 0:00:00]} a6 {[%emt 0:00:01]} 4. Ba4 {[%emt 0:00:
00]} Nf6 {[%emt 0:00:06]} 5. O-O {[%emt 0:00:00]} b5 {[%emt 0:00:02]} 6. Bb3 {
[%emt 0:00:06]} Be7 {[%emt 0:00:05]} 7. Re1 {[%emt 0:00:58]} d6 {[%emt 0:00:12]
} 8. c3 {[%emt 0:00:05]} O-O {[%emt 0:00:07]} 9. h3 {[%emt 0:00:04]} Nb8 {
[%emt 0:00:08] La défense Breyer est trés solide} 10. d4 {[%emt 0:00:24]} (10.
d3) 10... Nbd7 {[%emt 0:00:02]} 11. Nbd2 {[%emt 0:00:11]} Bb7 {[%emt 0:00:07]}
12. Bc2 {[%emt 0:07:46]} Re8 {[%emt 0:00:29][%cal Ge7f8]} 13. b3 {[%emt 0:00:
07]} (13. Nf1 {La grande ligne} Bf8 14. Ng3) 13... Bf8 {[%emt 0:00:15]} 14. Bb2
{[%emt 0:00:05]} (14. d5) (14. a4) 14... g6 {[%emt 0:04:07]} 15. a4 {[%emt 0:
03:09]} c6 {[%emt 0:00:29]} (15... Rb8 16. Bd3 c6 17. Qc2 Nh5 18. Nh2 Nf4 19.
Bf1 Ne6 20. Ng4 Bg7 21. dxe5 dxe5 22. Nf3 h5 23. Ne3 Qc7 24. Rad1 Rbd8 25. h4 {
1/2-1/2 Ljubojevic,L (2600)-Karpov,A (2705)/Tilburg 1986/CBM 003}) (15... Bg7
16. Bd3) 16. Nf1 {[%emt 0:04:17]} (16. Bd3 Bg7 17. Qc2 Qc7 18. c4 $14 {
Volokitin,A (2672)-Tazbir,M (2444) POL-chT Karpacz 2008 (3) 1/2}) 16... Qb6
$146 {[%emt 0:15:34]} ({RR} 16... Nh5 17. Ne3 Nf4 18. Qd2 h5 19. Rad1 Qb6 20.
c4 Rad8 21. d5 bxa4 22. g3 axb3 23. Bb1 Nxh3+ 24. Kg2 Nxf2 25. Qxf2 Bh6 26.
dxc6 Qxc6 27. g4 Bf4 28. gxh5 Nf6 29. Nd5 Nxd5 30. exd5 Qxc4 31. Re4 {Tukhaev,
A (2536)-Salgado Lopez,I (2627)/Mamaia 2012/CBM 150 Extra/1-0 (35)}) 17. Ng3 {
[%emt 0:12:58]} (17. a5 Qc7 18. Ng3 (18. Bd3)) 17... Rad8 {[%emt 0:00:26]} 18.
a5 {[%emt 0:05:13]} Qc7 {[%emt 0:04:18]} 19. Bd3 {[%emt 0:02:20]} Bg7 {[%emt 0:
04:21]} 20. Qc2 {[%emt 0:01:03]} c5 {[%emt 0:02:57] La perte de tremps est
négligeable dans une position fermée.} 21. d5 {[%emt 0:00:46][%csl Rb7]} Rf8 {
[%emt 0:00:24][%cal Gf6e8,Gf7f5]} (21... Bh6 $5 22. c4 b4) 22. c4 {[%emt 0:00:
41]} b4 {[%emt 0:00:06]} 23. Bc1 {[%emt 0:03:12] Le Bb2 n'avait plus beaucoup
d'avenir et les Blancs profitent du fait que les Noirs n'ont pas joué Bh6} Kh8
{[%emt 0:00:13]} 24. Ra2 {[%emt 0:01:53] Un coup bizarre} Ng8 {[%emt 0:00:15]
[%cal Gg7h6]} 25. Bd2 {[%emt 0:03:44]} Rde8 {[%emt 0:00:57]} 26. Qc1 {[%emt 0:
01:47]} Bc8 {[%emt 0:00:05]} 27. Nh2 {[%emt 0:01:05]} Qd8 {[%emt 0:00:55]} 28.
Bb1 {[%emt 0:02:25]} Ndf6 {[%emt 0:01:34]} 29. Rf1 {[%emt 0:01:12] La poussée
f4 sera difficile а réaliser sans affaiblir le P"e4"} h5 $5 {[%emt 0:01:55]}
30. Bg5 {[%emt 0:01:31]} Qc7 {[%emt 0:02:21][%cal Gf6h7]} 31. Nf3 {[%emt 0:06:
45]} Nh7 {[%emt 0:01:59]} 32. Bd2 {[%emt 0:00:31]} Qd8 {[%emt 0:00:41]
Proposant tacitement la nulle} 33. Ng5 {[%emt 0:01:02]} Nxg5 {[%emt 0:15:23]}
34. Bxg5 {[%emt 0:01:37]} f6 {[%emt 0:00:16]} 35. Be3 {[%emt 0:02:43]} h4 {
[%emt 0:00:08]} 36. Nh1 {[%emt 0:00:08]} f5 $1 {[%emt 0:00:27]} 37. exf5 {
[%emt 0:00:12]} gxf5 {[%emt 0:00:27]} 38. Qd1 {[%emt 0:00:36]} Qf6 {[%emt 0:03:
09]} 39. Qh5+ {[%emt 0:02:29]} Bh6 {[%emt 0:01:46]} 40. f4 {[%emt 0:00:00]} Kg7
$1 {[%emt 0:00:00]} 41. Bc1 {[%emt 0:05:18]} Ne7 {[%emt 0:12:30]} 1/2-1/2

[Event "Plancoet op-A 10th"]
[Site "Plancoet"]
[Date "2013.07.30"]
[Round "4"]
[White "Bryzgalin, Kirill"]
[Black "Miron, Lucian Costin"]
[Result "1/2-1/2"]
[WhiteElo "2470"]
[BlackElo "2544"]
[Annotator "RR"]
[PlyCount "43"]
[EventDate "2013.07.28"]
[EventType "swiss"]
[EventRounds "9"]
[EventCountry "FRA"]
[SourceTitle "EXT 2017"]
[Source "ChessBase"]
[SourceDate "2016.10.25"]
[SourceVersion "1"]
[SourceVersionDate "2016.10.25"]
[SourceQuality "1"]
[TimeControl "40/5400+30:1800+30"]

1. e4 e5 2. Nf3 Nc6 3. Bb5 a6 4. Ba4 Nf6 5. O-O Be7 6. Re1 b5 7. Bb3 d6 8. c3
O-O 9. h3 Nb8 10. d4 (10. d3 Nbd7 11. Nbd2 Bb7 12. Nf1) 10... Nbd7 11. Nbd2 Bb7
12. Bc2 Re8 (12... c5 13. d5 {[%csl Rb7]}) 13. Nf1 Bf8 14. Ng3 g6 15. Bg5 (15.
a4) (15. b3) 15... h6 ({RR} 15... Bg7 16. Qd2 Qe7 17. b3 c6 18. Rad1 Qf8 19. a4
Rad8 20. Qc1 h6 21. Be3 Kh7 22. b4 Re7 23. axb5 cxb5 24. d5 Rc8 25. Qa3 Qd8 26.
Rc1 Nb6 27. Nd2 h5 28. Bd3 Bh6 29. Bxh6 Kxh6 30. c4 {Karjakin,S (2706)-Kamsky,
G (2725) Nice 2009 1-0 (52)}) 16. Be3 Bg7 17. Qd2 Kh7 18. dxe5 $146 ({RR} 18.
d5 Qe7 19. Rad1 Bf8 20. b3 c5 21. b4 c4 22. a4 Bg7 23. a5 {1/2-1/2 (23) Ivanco,
I-Kozma,J Bratislava 1956}) 18... dxe5 19. a4 c5 20. Qe2 Bc6 $11 21. Nd2 Qc7
22. axb5 1/2-1/2

[Event "Plancoet op-A 10th"]
[Site "Plancoet"]
[Date "2013.07.31"]
[Round "5"]
[White "Konguvel, Ponnuswamy"]
[Black "Miron, Lucian Costin"]
[Result "1-0"]
[WhiteElo "2319"]
[BlackElo "2544"]
[Annotator "RR"]
[PlyCount "123"]
[EventDate "2013.07.28"]
[EventType "swiss"]
[EventRounds "9"]
[EventCountry "FRA"]
[SourceTitle "EXT 2017"]
[Source "ChessBase"]
[SourceDate "2016.10.25"]
[SourceVersion "1"]
[SourceVersionDate "2016.10.25"]
[SourceQuality "1"]
[TimeControl "40/5400+30:1800+30"]

1. e4 e5 2. Nf3 Nc6 3. Bb5 a6 4. Ba4 Nf6 5. O-O Be7 6. Re1 b5 7. Bb3 d6 8. c3
O-O 9. h3 Nb8 10. d4 Nbd7 11. Nbd2 Bb7 12. Bc2 Re8 13. Nf1 ({RR} 13. b4) 13...
Bf8 14. Ng3 g6 15. a4 Bg7 16. Bg5 h6 17. Bd2 c5 ({RR} 17... Nb6 18. axb5 axb5
19. b3 Nfd7 20. Bd3 b4 21. Rxa8 Bxa8 22. dxe5 Nxe5 23. Nxe5 dxe5 24. Qc2 bxc3
25. Bxc3) ({RR} 17... exd4 18. cxd4 c5 19. d5 Nb6 20. Qc1 Kh7 21. Ba5 Nfd7) 18.
d5 Nb6 19. Qe2 $146 (19. a5 {Garcia Martinez,S (2445)-Parma,B (2510) Portoroz/
Ljubljana 1975 (14) 1/2}) 19... Qd7 20. Be3 Nxa4 21. Bxa4 bxa4 22. Qc2 Nxd5 $5
(22... Rab8) 23. exd5 Bxd5 24. Qxa4 Qxa4 25. Rxa4 f5 $44 26. Bd2 Kh7 27. Rea1
Bb7 28. Be1 Rab8 29. Nd2 Red8 (29... Bc8 $5 {[%cal Gb8b2]}) 30. Ra5 Bc8 31.
R1a2 Bf6 32. Ngf1 f4 $6 {[%csl Re4]} 33. Ne4 Be7 {[%cal Gd6d5]} 34. c4 {
[%csl Rd5,Rd6]} Bb7 35. Nfd2 g5 36. Nc3 Rd7 37. Nd5 Rf8 38. f3 {[%csl Gd5] Les
Noirs sont privés de contre-jeu et la paire de B ne sert à rien} h5 39. Ne4
$18 {[%csl Gd5,Ge4] Un cas d'école de domination des N sur les B.} Bd8 40.
R5a3 Kg6 41. Rb3 Rh8 42. Bc3 g4 43. Rxb7 Rxb7 44. Rxa6 gxf3 45. Nxd6 Rd7 46.
Bxe5 Rg8 47. Bxf4 fxg2 48. Ne4+ Kf7 49. Nxc5 Bh4 50. Be3 Rdd8 51. Ra7+ Kg6 52.
Kxg2 Rdf8 53. Nd3 Kf5+ 54. Kf3 Rg3+ 55. Ke2 Rg2+ 56. Kf1 Rc2 57. Bh6 Re8 58.
Ne3+ Rxe3 59. Bxe3 Ke4 60. Bf2 Bf6 61. Nc5+ Kf3 62. Ra3+ 1-0

[Event "POL-chT 66th"]
[Site "Katowice"]
[Date "2010.09.09"]
[Round "6"]
[White "Piorun, Kacper"]
[Black "Olszewski, Michal"]
[Result "1-0"]
[WhiteElo "2497"]
[BlackElo "2549"]
[Annotator "RR"]
[PlyCount "103"]
[EventDate "2010.09.04"]
[EventType "team-tourn"]
[EventRounds "9"]
[EventCountry "POL"]
[SourceTitle "EXT 2016"]
[Source "ChessBase"]
[SourceDate "2015.10.08"]
[SourceVersion "1"]
[SourceVersionDate "2015.10.08"]
[SourceQuality "1"]
[WhiteTeam "Gorzow Wielkopolski"]
[BlackTeam "Wroclaw"]
[WhiteTeamCountry "POL"]
[BlackTeamCountry "POL"]

1. e4 e5 2. Nf3 Nc6 3. Bb5 a6 4. Ba4 Nf6 5. O-O Be7 6. Re1 b5 7. Bb3 d6 8. c3
O-O 9. h3 Nb8 10. d4 Nbd7 11. Nbd2 Bb7 12. Bc2 Re8 13. a4 Bf8 14. Bd3 c6 15. b4
(15. Qc2 Qc7 16. b3 g6 17. Bb2 Rac8 18. Rad1 Nh5 19. Qb1 bxa4 20. bxa4 exd4 21.
cxd4 d5 22. Rc1 Nf4 23. Bf1 Qb8 24. g3 Ne6 25. h4 Bg7 26. Bh3 c5 27. dxc5 Bxb2
28. Qxb2 Ndxc5 29. Ne5 Red8 30. Bxe6 Nxe6 31. Rxc8 Qxc8 32. Rc1 Qa8 33. exd5
Bxd5 34. Ng4 Bh1 35. Nf6+ Kf8 36. Nxh7+ Kg8 37. Nf6+ Kf8 38. f3 Bxf3 39. Qa3+
Kg7 40. Nxf3 Kxf6 41. Qb2+ Ke7 42. Ne5 Nd4 43. Rf1 f5 44. Re1 Qd5 {Naiditsch,A
(2705)-Ponomariov,R (2723) Dortmund 2014 1-0}) 15... Nb6 16. axb5 cxb5 17. d5
Rc8 18. Bb2 g6 19. Bf1 $146 (19. Qb3 Qc7 20. Rec1 Bh6 21. Rc2 Nxe4 22. Nxe4 Bg7
23. c4 bxc4 24. Bxc4 Nxc4 25. Rxc4 Qxc4 26. Qxc4 Rxc4 27. Nxd6 Rxb4 28. Nxe8
Rxb2 29. Nxg7 Kxg7 30. Rd1 Rb5 31. d6 Bxf3 32. d7 Bxd1 33. d8=Q Bb3 34. Qd6 a5
35. Qd3 {1/2-1/2 (35) Tiemann,H (2472)-Laane,E (2456) ICCF email 2010}) 19...
Bh6 20. Nb3 $14 {[%csl Ga5]} Na4 21. Rxa4 $1 bxa4 22. Na5 $44 {[%csl Rb7,Rc6]}
a3 23. Bc1 Bxc1 24. Qxc1 Qb6 25. Qxa3 $44 {[%csl Ra6,Rd6][%cal Ga5c4,Ga5b7,
Gf1a6]} Re7 26. Nd2 Ne8 27. c4 f5 28. Ndb3 $1 {[%cal Gc4c5]} fxe4 29. c5 $40 {
La majorité de l'aile-dame est très forte} Qa7 30. c6 {[%csl Rb7]} Ba8 {
[%csl Ra8] Les Noirs ont quasiment une pièce de moins car le Ba8 est hors-jeu}
31. Nd2 $1 Rb8 32. Nxe4 {[%csl Ge4][%cal Ge4g5,Gg5e6]} Qd4 {[%cal Gd4d5,Gd4b4]}
33. Bc4 $1 {Les Noirs sont ligotés} Rf7 {[%cal Gf7f4]} 34. Kh2 $1 Rf4 35. f3 {
[%cal Ge4g5,Gg5e6]} h6 36. Rb1 Kg7 37. Ng3 (37. Bxa6 Qxd5 38. b5 $18 {[%csl
Gb5,Gc6]}) 37... Qd2 38. Rb2 Qd1 39. Qe3 $1 Qd4 40. Qxd4 $6 {Cet échange va
permettre aux Noirs d'activer les R} (40. Qe2 $142) 40... Rxd4 41. Ne2 Rd1 42.
Nc3 Ra1 43. Ra2 Rc1 44. Ne2 Rb1 45. Bxa6 R1xb4 46. Nc3 Kf6 $6 (46... Rb2) (
46... Nc7) 47. Bf1 (47. Bb7 Nc7) 47... e4 $2 48. fxe4 Ke5 49. Rd2 Kf4 50. Nc4
Rb3 51. Rf2+ Kg5 52. Ne2 1-0

[Event "POL-chT 66th"]
[Site "Katowice"]
[Date "2010.09.11"]
[Round "8"]
[White "Balogh, Csaba"]
[Black "Olszewski, Michal"]
[Result "1-0"]
[WhiteElo "2608"]
[BlackElo "2549"]
[Annotator "RR"]
[PlyCount "71"]
[EventDate "2010.09.04"]
[EventType "team-tourn"]
[EventRounds "9"]
[EventCountry "POL"]
[SourceTitle "EXT 2016"]
[Source "ChessBase"]
[SourceDate "2015.10.08"]
[SourceVersion "1"]
[SourceVersionDate "2015.10.08"]
[SourceQuality "1"]
[WhiteTeam "Wroclaw Polonia"]
[BlackTeam "Wroclaw"]
[WhiteTeamCountry "POL"]
[BlackTeamCountry "POL"]

1. e4 e5 2. Nf3 Nc6 3. Bb5 a6 4. Ba4 Nf6 5. O-O Be7 6. Re1 b5 7. Bb3 d6 (7...
O-O) 8. c3 O-O 9. h3 Nb8 {[%cal Gb8d7] La défense Breyer} (9... Na5) 10. d4
Nbd7 11. Nbd2 Bb7 12. Bc2 Re8 13. Nf1 (13. a4 Bf8 14. Bd3 (14. b4)) 13... Bf8
14. Ng3 g6 15. Bg5 (15. a4 {la grande ligne} c5 16. d5 {[%csl Rb7]}) 15... Bg7
16. Qd2 Qe7 17. b3 (17. Bh6 Bxh6 18. Qxh6 Qf8 19. Qd2 {Tseshkovsky,V (2520)
-Furman,S (2540) URS-ch FL Tbilisi 1973 (2) 1/2}) 17... c6 18. a4 Nf8 {[%cal
Gf8e6] Les Noirs veulent chasser le Bg5 par Be6 mais le coup habituel Qf8
suivi de la poussée h6 est plus souple} (18... Qf8 $142 {[%cal Gh7h6]} 19. Be3
(19. Rad1 h6 20. Be3) 19... Rac8 20. Bd3 d5 21. dxe5 Nxe5 22. Nxe5 Rxe5 23. f4
Ree8 24. e5 Nd7 25. axb5 cxb5 26. b4 f6 27. exf6 Nxf6 28. Bd4 Ne4 29. Bxe4 dxe4
30. Ne2 Rcd8 31. Qe3 Bh6 32. Rf1 Qf7 33. Rad1 Rd5 34. Ng3 Rd7 35. Rde1 Qd5 36.
Ne2 Rf7 37. Rd1 Qc6 38. Bc5 Rd7 39. Bd4 Rf8 40. Rf2 Qc7 41. Qg3 Rf5 42. Rff1
Qc4 43. Qg4 Rdf7 44. Bc5 Bf8 45. Rd8 Rxc5 46. bxc5 Kg7 47. f5 Be7 48. Rd7 {
Almasi,Z (2726)-Sasikiran,K (2681) Ningbo 2011 0-1 (85)}) 19. b4 Ne6 20. Be3 (
20. Bh6) 20... Qc7 21. Bb3 $1 $146 (21. Bh6 Bh8 22. Bb3 Rad8 23. Rad1 Bc8 24.
Qe3 Bg7 25. Kh2 Nd7 26. Rd2 c5 27. bxc5 dxc5 28. d5 Nf4 29. d6 Qb6 30. Bg5 Bf6
31. axb5 axb5 32. Bxf6 Nxf6 33. Nxe5 Rxe5 34. Qxf4 Rxd6 35. Red1 Rxd2 36. Rxd2
Re7 37. Rd6 Qa7 38. Qxf6 c4 39. Rd8+ {1-0 (39) Almasi,Z (2640)-Sasikiran,K 
(2663) Bastia 2005}) 21... Nd7 22. Bh6 $1 {[%csl Rc7]} Bf6 (22... Rad8 23. Bxg7
Kxg7 24. Ng5 $1 {[%csl Gb3,Rf7]}) 23. Rad1 Rad8 24. Ng5 d5 $6 {Les pièces
Noires sont mal placées pour ouvrir le centre} 25. Nxe6 fxe6 26. Bg5 bxa4 27.
Bxa4 Bg7 $2 (27... Be7) 28. Bxd8 Rxd8 29. Qg5 Re8 30. exd5 exd5 31. dxe5 Rxe5
32. Rxe5 Bxe5 33. Qe7 Bxc3 34. Ne4 Be5 35. f4 Bxf4 36. Qxd7 1-0